| 000 | 00768nam a2200229 a 4500 | ||
|---|---|---|---|
| 005 | 20240228063850.0 | ||
| 008 | 031104s19951999mx r 000 0 spa d | ||
| 020 | _a9681639421 | ||
| 035 | _aUPN01000130637 | ||
| 049 | _aI | ||
| 050 | 4 |
_aPZ71 _bF7.3 |
|
| 100 | 1 | _aFroissart, Bénédicte | |
| 245 | 1 | 3 |
_aLa cena con el tío Enrique / _cBénédicte Froissart ; il. Pierre Pratt ; tr. Francisco Segovia. |
| 260 |
_aMéxico : _bFCE, _c1995 (1999 impr.). |
||
| 300 |
_a[29] p. : _bprincipalmente il. col. |
||
| 440 | 4 | _aLos especiales de a la orilla del viento | |
| 534 |
_pTraducción de: _tUncle Henry´s dinner guests |
||
| 650 | 4 |
_aCuentos infantiles _96744 |
|
| 650 | 4 |
_aLibros y lectura para niños _92290 |
|
| 700 | 1 |
_aPratt, Pierre _eil. |
|
| 905 | _aInfantil | ||
| 999 |
_c102794 _d102794 |
||